Statické odchylky kolových a nápravových sil šestinápravových lokomotiv

Bibliographic Details
Main Authors: Novotný, Ctirad (Author), Pohl, Rudolf (Author)
Format: Article
Language:Czech
Slovak
PhysicalDescription:Grafy 2., lit. 10 zázn. v češ., ruš.
Subjects:

MARC

LEADER 00000nab a2200000 a 4500
001 vtls000416062
003 SK-MaSNL
005 20260302234755.0
008 160204c1989 xo 0 cze
015 |a SNBRA19rr/mm-uuuuu 
035 |a CL0416187 
040 |a SNKBUCL  |b slo  |c SNKBUCL  |e AACR2 
041 0 |a slo 
044 |a xo  |c SK 
080 |a 629.423.023.11:531.2  |2 1981 
080 |a 531.2  |2 1981 
100 1 |a Novotný, Ctirad  |4 aut  |9 515275 
245 1 0 |a Statické odchylky kolových a nápravových sil šestinápravových lokomotiv  |c Ctirad Novotný, Rudolf Pohl 
300 |b Grafy 2., lit. 10 zázn. v češ., ruš. 
650 0 7 |a elektrické lokomotívy  |2 snkbucl  |9 74745 
655 7 |a články zo zborníkov  |2 snkbucl  |9 166140 
700 1 |a Pohl, Rudolf  |4 aut  |9 277547 
773 0 |t Súčasné problémy v koľajových vozidlách  |d Žilina : Dom techniky ČSVTS, 1989  |g S. 212-214 
850 |a Slovenská národná knižnica v Martine  |a MTA001 
852 |a SNK  |b KIS3GCP 
958 |a NB 
958 |a RK 
958 |a CZ 
992 |a RZB 
999 |c 1551903  |d 1553833